Statystyki dla Rozpoznaj kraj po wskazówkach #1

Kliknij tutaj aby rozwiązać quiz!

Ogólne statystyki

  • Ten quiz został rozwiązany 70 razy
  • Średni wynik to 10 z 15

Statystyki odpowiedzi

KontynentTrzecia literaMorze/ocean/zatoka
graniczący
z krajem
Liczba ludności
(zaokrąglona)
Państwo% Poprawnych
AzjaUBrak800 tys.Bhutan
80%
EuropaNMorze Bałtyckie5 500 000Finlandia
79%
EuropaBMorze Śródzimne3 040 000Albania
76%
OceaniaSOcean Indyjski i Spokojny25 660 000Australia
71%
Ameryka
Południowa
IOcean Spokojny18 380 000Chile
70%
AzjaEMorze Kaspijskie9 820 000Azerbejdżan
68%
AfrykaNMorze Śródziemne11 400 000Tunezja
68%
EuropaLMorze Północne11 300 000Belgia
67%
EuropaLMorze Śródziemne490 000Malta
67%
Ameryka
Północna
BMorze Karaibskie11 150 000Kuba
65%
AzjaWZatoka Perska4 400 000Kuwejt
62%
Ameryka
Północna
YMorze Karaibskie1 220 000Trynidad i
Tobago
62%
AfrykaGBrak1 270 000Niger
58%
AfrykaZOcean Indyjski26 570 000Mozambik
56%
AfrykaABrak11 900 000Rwanda
42%

Rozkład punktacji

Percentyl według liczby udzielonych odpowiedzi

Procent ludzi z każdym wynikiem

Twoja historia wyników

Nie rozwiązałeś tego quizu